| 000 | 00000nam##2200000za#4500 |
| 001 | 9.700512 |
| 003 | CaOODSP |
| 005 | 20250506145324 |
| 007 | cr ||||||||||| |
| 008 | 150407|1977||||xxc|||||o f|0| 0 eng|d |
| 040 | |aCaOODSP|beng |
| 043 | |an-cn--- |
| 086 | 1 |aA53-1335/1977E-PDF |
| 110 | 1 |aCanada.|bAgriculture Canada. |
| 245 | 10|aTuberous begonias / |h[electronic resource]|c[by] J.H. Crossley and S. Arrowsmith. |
| 250 | |aRev. 1972, reprinted 1977 |
| 260 | |aOttawa - Ontario : |bAgriculture Canada |c1977. |
| 300 | |a12p.|billus. |
| 500 | |aHistorical publication digitized by Agriculture and Agri-Food Canada. |
| 590 | |a15-05-Supp|b2015-03-31 |
| 690 | 07|aFruit crops|2gcpds |
| 775 | 08|tBégonias tubéreux / |w(CaOODSP)9.644396 |
| 856 | 40|ahttp://publications.gc.ca|qPDF|s754 KB|uhttps://publications.gc.ca/collections/collection_2015/aac-aafc/A53-1335-1977-eng.pdf |
| 986 | |aPublication 1335 |